LEADER 05032nam 2200661Ia 450 001 9910829146703321 005 20200520144314.0 010 $a9786613642738 010 $a9781785393402 010 $a1785393405$b(electronic book) 010 $a9781444355734 010 $a1444355732 010 $a9781280665806 010 $a1280665807 010 $a9781118702925 010 $a1118702921 010 $a9781444355741 010 $a1444355740 035 $a(CKB)3710000000503654 035 $a(EBL)4041813 035 $a(OCoLC)779543196 035 $a(MiAaPQ)EBC865213 035 $a(Au-PeEL)EBL865213 035 $a(CaPaEBR)ebr10538762 035 $a(CaONFJC)MIL364273 035 $a(PPN)220160325 035 $a(Perlego)1000906 035 $a(EXLCZ)993710000000503654 100 $a20120321d2012 uy 0 101 0 $aeng 135 $aurcnu|||uuuuu 181 $ctxt$2rdacontent 182 $cc$2rdamedia 183 $acr$2rdacarrier 200 00$aAdult orthodontics /$fedited by Birte Melsen 205 $a1st ed. 210 $aChichester, West Sussex ;$aAmes, Iowa $cWiley-Blackwell$d2012 215 $a1 online resource (709 pages) 320 $aIncludes bibliographical references and index. 327 $aIntroduction: More than a Century of Progress in Adult Orthodontic Treatment -- 1. Potential Adult Orthodontic Patients - Who Are They? -- Who are the patients? -- How do the patients express their needs? -- The first visit -- Communicating with the patient -- Summary -- 2. Diagnosis: Chief Complaint and Problem List --Introduction -- Work-up of a problem list - the interview - chief complaint -- General health -- Clinical examination -- Extraordinary examination. 327 $aExtraoral photographs -- Function of the masticatory system -- Intraoral analysis - oral health -- Evaluation of dental casts - arch form -- Occlusal analysis -- Space analysis -- Cephalometric analysis -- Final problem list -- Indication for treatment -- The presentation of the problem list - the tip of the iceberg -- Concluding remarks -- 3. Aetiology -- Introduction -- Biological background -- Aetiology of malocclusions in adults -- Age-related changes in the skeleton -- Age-related changes in the craniofacial skeleton"" 327 $aAge-related changes in the local environment -- Consequences of deterioration of the dentition -- Case reports -- Conclusion -- 4. Interdisciplinary Versus Multidisciplinary Treatments -- Interdisciplinary or multidisciplinary treatments -- Establishment of an interdisciplinary team -- Treatment sequence -- Essential and optional treatment procedures -- Interaction during treatment -- Post-orthodontic treatment -- Patient satisfaction -- Examples of interdisciplinary cases -- 5. Treatment Planning: The 3D VTO -- Determining the treatment goal 327 $aProducing an occlusogram -- Combining the occlusogram with the head film -- The computerized occlusogram -- Responding to patients' needs -- Orthodontic treatment: Art or science? -- 6. Tissue Reaction -- Orthopaedic effects -- Orthodontic effects in adult patients -- 7. Appliance Design -- Introduction -- Definition of the necessary force system -- Anchorage evaluation -- Sequencing the treatment into phases -- Appliance selection and design -- Sliding mechanics -- Segmented mechanics -- Conclusion -- 8. Anchorage Problems -- Introduction -- Definition 327 $aClassification of anchorage -- Intramaxillary anchorage -- Soft tissue anchorage -- Free anchorage -- Intermaxillary anchorage -- Occlusion -- Differential timing of force application -- Extraoral anchorage -- Skeletal anchorage -- 9. Bonding Problems Related to Adult Rehabilitated Dentitions -- Introduction -- Brackets -- Basics of bonding -- Bonding to crowns and restorations -- Debonding -- Reconditioning of stainless steel attachment -- Banding -- Auxiliary attachments -- 10. Material-related Adverse Reactions in Orthodontics -- Introduction 327 $aFixed appliances 330 $a"This book addresses the increasing prominence of adult orthodontics and provides an authoritative resource on the subject. The opening chapters provide the context for adult orthodontics, including patient demographics and etiology. The middle section of the book details treatment planning considerations and approaches. The final part of the book profiles patient cases, suggesting initial outcomes and longer term expectations. This book will be of value to all those providing adult orthodontic services and those dealing with orthodontics as part of the inter-disciplinary management of the adult dentition"--Provided by publisher 606 $aOrthodontics, Corrective 606 $aOrthodontics 615 0$aOrthodontics, Corrective. 615 0$aOrthodontics. 676 $a617.6430084 701 $aMelsen$b Birte$01675682 801 0$bMiAaPQ 801 1$bMiAaPQ 801 2$bMiAaPQ 912 $a9910829146703321 996 $aAdult orthodontics$94041367 997 $aUNINA LEADER 03585nam 22008293u 450 001 9910953267503321 005 20240514063935.0 010 $a979-82-16-25684-7 010 $a1-283-36189-2 010 $a9786613361899 010 $a0-7591-1346-7 035 $a(CKB)2670000000131221 035 $a(EBL)817132 035 $a(OCoLC)781709737 035 $a(SSID)ssj0000641289 035 $a(PQKBManifestationID)11458685 035 $a(PQKBTitleCode)TC0000641289 035 $a(PQKBWorkID)10622006 035 $a(PQKB)10142777 035 $a(MiAaPQ)EBC817132 035 $a(EXLCZ)992670000000131221 100 $a20141117d2012|||| uy 0 101 0 $aeng 135 $aur|n|---||||| 181 $ctxt$2rdacontent 182 $cc$2rdamedia 183 $acr$2rdacarrier 200 14$aThe small museum toolkit$hBook 5 : interpretation : education, programs, and exhibits /$fCinnamon Catlin-Legutko, Stacy Klingler 205 $a1st ed. 210 $aLanham, MD :$cAltaMira Press,$d2012. 215 $a1 online resource (xiii, 157 pages) $ccolor illustrations 225 1 $aSmall Museum Toolkit ;$vv.5 300 $aDescription based upon print version of record. 311 08$a0-7591-1339-4 327 $aCONTENTS; EDITORS' NOTE; PREFACE; CHAPTER ONE. PREPARING AN OUTSTANDING CONCERT: HOW TO PLAN AND IMPLEMENT INTERPRETATION; CHAPTER TWO. INTERPRETING DIFFICULT ISSUES; CHAPTER THREE. THE TRUTH, THE WHOLE TRUTH, AND NOTHING BUT THE TRUTH: RESEARCHING HISTORICAL EXHIBITS; CHAPTER FOUR. CREATING EXHIBITS: FROM PLANNING TO BUILDING; CHAPTER FIVE. THE NUTS AND BOLTS OF PROGRAM MANAGEMENT; INDEX; ABOUT THE EDITORS; ABOUT THE CONTRIBUTORS 330 $a>Interpretation helps the public understand our purpose and mission. In this book, we tackle how to orient your organization to be effective interpreters of what you collect; how to tell engaging stories; and how to address difficult issues you may have avoided. We provide a primer in historical research for the non-historian and the do-it-yourself basics for creating good exhibits, tours, and programs on a small museum budget. 410 0$aSmall Museum Toolkit;$v5 606 $aCommunication in museums 606 $aInterpretation of cultural and natural resources 606 $aSmall museums$xExhibitions 606 $aSmall museums$xManagement 606 $aSmall museums$xPublic relations 606 $aSmall museums$xExhibitions 606 $aCommunication in museums 606 $aInterpretation of cultural and natural resources 615 0$aCommunication in museums. 615 0$aInterpretation of cultural and natural resources. 615 0$aSmall museums$xExhibitions. 615 0$aSmall museums$xManagement. 615 0$aSmall museums$xPublic relations. 615 0$aSmall museums$xExhibitions. 615 0$aCommunication in museums. 615 0$aInterpretation of cultural and natural resources. 676 $a069.068 676 $a069.1 676 $a069.5 700 $aCatlin-Legutko$b Cinnamon$01826106 701 $aKlingler$b Stacy$f1976-$01125143 701 $aHague$b Stephen$01855500 701 $aKeim$b Laura$01855501 701 $aFlagler$b Madeline C$01855502 701 $aGoforth$b Teresa$01855503 701 $aDillenburg$b Eugene$01855504 701 $aKlein$b Janice$01855505 701 $aMartin$b Rebecca$01855506 801 0$bAU-PeEL 801 1$bAU-PeEL 801 2$bAU-PeEL 906 $aBOOK 912 $a9910953267503321 996 $aThe small museum toolkit$94453680 997 $aUNINA